000
00304nam a2200133Ia 4500
008
150201s2005 xx 000 0 und d
082
_a
611
_b
R05A
100
_a
ASTHANA,AK
245
_a
RADIOLOGY ANATOMY
250
_a
4TH
260
_b
PEEPEE
_a
DELHI
_c
2005
650
_a
HUMAN ANATOMY
942
_2
ddc
_c
BK
_0
4
999
_c
614
_d
614